000 00653nam a2200181Ia 4500
008 100920s9999 xx 000 0 und d
082 _b65040
_a28 व 891 थ 94
100 _aदेवळे शं रा.
245 _aभाऊ असावा तर असा !.
260 _bवसंत बुक स्टॉल, दादर, मुंबई 28.
_c1994
300 _a64
_bसाधी
365 _b20
520 _aबा.वि.लघुकथा.
630 _aभाऊ असावा तर असा !.
650 _aबा.वि.लघुकथा.
730 _aभाऊ असावा तर असा !.
942 _cBOOK
999 _c707955
_d707952